Statistics for Is... It... Art?

Click here to take the quiz!

General Stats

  • This quiz has been taken 14,433 times
  • The average score is 10 of 15

Answer Stats

QuestionAnswer% Correct
Art
92%
Art
92%
Art
89%
Random Object
87%
Random Object
81%
Random Object
77%
Art
76%
Art
74%
Random Object
61%
Random Object
58%
Art
57%
Random Object
56%
Random Object
54%
Art
51%
Art
38%

Score Distribution

Percentile by Number Answered

Percent of People with Each Score

Your Score History

You have not taken this quiz